| 000 | 00840cam a22002651 4500 | ||
|---|---|---|---|
| 001 | e 43000152 | ||
| 003 | DLC | ||
| 005 | 20260227111231.0 | ||
| 008 | 800611s1942 ilua 000 0 eng c | ||
| 010 | _ae 43000152 | ||
| 035 | _a(OCoLC)6406584 | ||
| 040 |
_aU.S. Off. of educ. Library _cTxCM _dDLC |
||
| 042 | _apremarc | ||
| 050 | 0 | 0 |
_aS494.5 _b.C48 1942 |
| 082 | _a630.69 | ||
| 100 | 1 |
_aChapman, Paul W. _q(Paul Wilber), _d1891-1953. |
|
| 245 | 1 | 0 | _aBetter rural careers. |
| 250 |
_aNational edition. _b[By] Paul W. Chapman ... |
||
| 260 |
_aChicago, _aAtlanta, _bScience Research Associates, Book Division, _c1942. |
||
| 300 |
_a264 p. incl. front., illus. _c20 cm. |
||
| 650 | 0 |
_aAgriculture _zUnited States. |
|
| 650 | 0 | _aVocational guidance. | |
| 650 | 0 | _aSociology, Rural. | |
| 710 | 2 | _aScience Research Associates, Chicago. | |
| 999 |
_c21940 _d21940 |
||